000 00439nam a2200181Ia 4500
001 8975
005 20260306160649.0
008 260306t1994||||xx |||||||||||||| ||spa||
041 _aESP
082 _a372.21
_bB85
100 _aBruel, Annie
_eAUT
245 0 _aJuegos motores:
_bcon niñas y niños de 2 y 3 años
260 _c1994
300 _a164 páginas :
_c20 cm.
650 _aGEN
654 _aCED
942 _cLIB
_dJUS
_fJUS
_2ddc
_n
999 _c8975
_d8975